House of 9 / (Record no. 209)
[ view plain ]
| 000 -LEADER | |
|---|---|
| fixed length control field | 03965cgm a22007457a 4500 |
| 001 - CONTROL NUMBER | |
| control field | 16786321 |
| 005 - DATE AND TIME OF LATEST TRANSACTION | |
| control field | 20200421093822.0 |
| 007 - PHYSICAL DESCRIPTION FIXED FIELD--GENERAL INFORMATION | |
| fixed length control field | vd cvaizq |
| 008 - FIXED-LENGTH DATA ELEMENTS--GENERAL INFORMATION | |
| fixed length control field | 110519s2005 xxu088 e mleng d |
| 010 ## - LIBRARY OF CONGRESS CONTROL NUMBER | |
| LC control number | 2011606511 |
| 017 ## - COPYRIGHT OR LEGAL DEPOSIT NUMBER | |
| Copyright or legal deposit number | PA0001394618 |
| Assigning agency | U.S. Copyright Office |
| 024 1# - OTHER STANDARD IDENTIFIER | |
| Standard number or code | 855280001014 |
| 028 42 - PUBLISHER OR DISTRIBUTOR NUMBER | |
| Publisher or distributor number | BM0101 |
| Source | Visual Entertainment |
| 035 ## - SYSTEM CONTROL NUMBER | |
| System control number | (OCoLC)ocn148082059 |
| 040 ## - CATALOGING SOURCE | |
| Original cataloging agency | LQM |
| Transcribing agency | LQM |
| Modifying agency | OCLCA |
| -- | TEF |
| -- | OCLCQ |
| -- | OCLCA |
| -- | DLC |
| 041 0# - LANGUAGE CODE | |
| Language code of text/sound track or separate title | eng |
| 042 ## - AUTHENTICATION CODE | |
| Authentication code | lccopycat |
| 050 00 - LIBRARY OF CONGRESS CALL NUMBER | |
| Classification number | DVC 6805 (viewing copy) |
| 082 04 - DEWEY DECIMAL CLASSIFICATION NUMBER | |
| Classification number | 791.43/72 |
| Edition information | 22 |
| 245 00 - TITLE STATEMENT | |
| Title | House of 9 / |
| Statement of responsibility, etc. | Bauer Martinez Studios presents a Defender Film Fund production, a co-production with Defender Nine Limited, MediaPro Pictures, Frame Werk Produktion GmbH, LMCP Films in association with Lucky 7 Productions ; a film by Steven R. Monroe ; screenplay by Philippe Vidal ; produced by Philippe Martinez, Karen A. Hamilton ; directed by Steven R. Monroe. |
| 246 3# - VARYING FORM OF TITLE | |
| Title proper/short title | House of nine |
| 246 1# - VARYING FORM OF TITLE | |
| Display text | At head of title: |
| Title proper/short title | Bauer Martinez presents |
| 257 ## - COUNTRY OF PRODUCING ENTITY | |
| Country of producing entity | United States. |
| 260 ## - PUBLICATION, DISTRIBUTION, ETC. | |
| Place of publication, distribution, etc. | Universal City, CA : |
| Name of publisher, distributor, etc. | Distributed by Visual Entertainment, |
| Date of publication, distribution, etc. | c2005. |
| 300 ## - PHYSICAL DESCRIPTION | |
| Extent | 1 videodisc (88 min.) : |
| Other physical details | sd., col. ; |
| Dimensions | 4 3/4 in. |
| Materials specified | viewing copy. |
| 508 ## - CREATION/PRODUCTION CREDITS NOTE | |
| Creation/production credits note | Casting by Jeremy Zimmermann ; costume designer, Ffion Elinor ; music composed by Charles Olins, Mark Phillipps ; music producted by Guy Farley ; editor, Kristina Hamilton ; director of photography, Damian Bromley ; associate producers, Alistdair Wilson-Gough, Mohammed Ahmed ; co-producers, Alan Latham, Andrei Boncea, Stefan Jonas, Francois Cohen-Séat ; executive producers, Douglas W. Miller, Alastair Burlingham, Sheikh Mohamed Bin Salman Al Khalifa. |
| 511 1# - PARTICIPANT OR PERFORMER NOTE | |
| Participant or performer note | Dennis Hopper, Kelly Brook, Hippolyte Girardot, Peter Capaldi, Susie Amy, Raffaello Degruttola, Asher D, Morven Christie, Julienne Davis. |
| 520 ## - SUMMARY, ETC. | |
| Summary, etc. | Nine strangers are abducted and sealed in a house for someone's mere entertainment. The strangers are a priest, a dancer, a designer, an aspirant rapper, a former tennis pro, a woman on probation, an unsuccessful composer and his wife, and a detective are forced to play a grisly game. Only one will win $5 million and his or her freedom. As cameras watch, desperation and greed turn deadly. Against their will each person is forced to commit the unthinkable to survive. |
| 521 ## - TARGET AUDIENCE NOTE | |
| Target audience note | MPAA Rating: R; strong violence and language. |
| 538 ## - SYSTEM DETAILS NOTE | |
| System details note | DVD; NTSC; region 1; widescreen presentation; Dolby Digital 5.1 surround; single-layer. |
| 546 ## - LANGUAGE NOTE | |
| Language note | Closed-captioned. |
| 650 #0 - SUBJECT ADDED ENTRY--TOPICAL TERM | |
| Topical term or geographic name entry element | Strangers |
| Form subdivision | Drama. |
| 9 (RLIN) | 416 |
| 650 #0 - SUBJECT ADDED ENTRY--TOPICAL TERM | |
| Topical term or geographic name entry element | Abduction |
| Form subdivision | Drama. |
| 9 (RLIN) | 417 |
| 650 #0 - SUBJECT ADDED ENTRY--TOPICAL TERM | |
| Topical term or geographic name entry element | Games |
| Form subdivision | Drama. |
| 9 (RLIN) | 418 |
| 650 #0 - SUBJECT ADDED ENTRY--TOPICAL TERM | |
| Topical term or geographic name entry element | Murder |
| Form subdivision | Drama. |
| 9 (RLIN) | 419 |
| 655 #7 - INDEX TERM--GENRE/FORM | |
| Genre/form data or focus term | Horror films. |
| Source of term | lcgft |
| 9 (RLIN) | 420 |
| 655 #7 - INDEX TERM--GENRE/FORM | |
| Genre/form data or focus term | Feature films. |
| Source of term | lcgft |
| 655 #7 - INDEX TERM--GENRE/FORM | |
| Genre/form data or focus term | Fiction films. |
| Source of term | lcgft |
| 655 #7 - INDEX TERM--GENRE/FORM | |
| Genre/form data or focus term | Video recordings for the hearing impaired. |
| Source of term | lcgft |
| 700 1# - ADDED ENTRY--PERSONAL NAME | |
| Personal name | Martinez, Philippe. |
| 9 (RLIN) | 421 |
| 700 1# - ADDED ENTRY--PERSONAL NAME | |
| Personal name | Hamilton, Karen A. |
| 9 (RLIN) | 422 |
| 700 1# - ADDED ENTRY--PERSONAL NAME | |
| Personal name | Vidal, Philippe. |
| 9 (RLIN) | 423 |
| 700 1# - ADDED ENTRY--PERSONAL NAME | |
| Personal name | Monroe, Steven R. |
| 9 (RLIN) | 424 |
| 700 1# - ADDED ENTRY--PERSONAL NAME | |
| Personal name | Hopper, Dennis, |
| Dates associated with a name | 1936-2010. |
| 9 (RLIN) | 425 |
| 700 1# - ADDED ENTRY--PERSONAL NAME | |
| Personal name | Brook, Kelly. |
| 9 (RLIN) | 426 |
| 700 1# - ADDED ENTRY--PERSONAL NAME | |
| Personal name | Girardot, Hippolyte, |
| Dates associated with a name | 1955- |
| 9 (RLIN) | 427 |
| 700 1# - ADDED ENTRY--PERSONAL NAME | |
| Personal name | Capaldi, Peter. |
| 9 (RLIN) | 428 |
| 700 1# - ADDED ENTRY--PERSONAL NAME | |
| Personal name | Amy, Susie, |
| Dates associated with a name | 1981- |
| 9 (RLIN) | 429 |
| 700 1# - ADDED ENTRY--PERSONAL NAME | |
| Personal name | Degruttola, Raffaello. |
| 9 (RLIN) | 430 |
| 700 0# - ADDED ENTRY--PERSONAL NAME | |
| Personal name | Walters, Ashley, |
| Dates associated with a name | 1982- |
| 9 (RLIN) | 431 |
| 700 1# - ADDED ENTRY--PERSONAL NAME | |
| Personal name | Christie, Morven. |
| 9 (RLIN) | 432 |
| 700 1# - ADDED ENTRY--PERSONAL NAME | |
| Personal name | Davis, Julienne. |
| 9 (RLIN) | 433 |
| 710 2# - ADDED ENTRY--CORPORATE NAME | |
| Corporate name or jurisdiction name as entry element | Bauer Martinez Studios (Firm) |
| 9 (RLIN) | 434 |
| 710 2# - ADDED ENTRY--CORPORATE NAME | |
| Corporate name or jurisdiction name as entry element | Defender Film Fund (Firm) |
| 9 (RLIN) | 435 |
| 710 2# - ADDED ENTRY--CORPORATE NAME | |
| Corporate name or jurisdiction name as entry element | Defender Nine Limited. |
| 9 (RLIN) | 436 |
| 710 2# - ADDED ENTRY--CORPORATE NAME | |
| Corporate name or jurisdiction name as entry element | MediaPro Pictures (Firm) |
| 9 (RLIN) | 437 |
| 710 2# - ADDED ENTRY--CORPORATE NAME | |
| Corporate name or jurisdiction name as entry element | Frame Werk Produktion GmbH. |
| 9 (RLIN) | 438 |
| 710 2# - ADDED ENTRY--CORPORATE NAME | |
| Corporate name or jurisdiction name as entry element | LMCP Films (Firm) |
| 9 (RLIN) | 439 |
| 710 2# - ADDED ENTRY--CORPORATE NAME | |
| Corporate name or jurisdiction name as entry element | Lucky 7 Productions (Firm) |
| 9 (RLIN) | 440 |
| 710 2# - ADDED ENTRY--CORPORATE NAME | |
| Corporate name or jurisdiction name as entry element | Visual Entertainment (Firm) |
| 9 (RLIN) | 441 |
| 710 2# - ADDED ENTRY--CORPORATE NAME | |
| Corporate name or jurisdiction name as entry element | Copyright Collection (Library of Congress) |
| Institution to which field applies | DLC |
| 9 (RLIN) | 197 |
| 906 ## - LOCAL DATA ELEMENT F, LDF (RLIN) | |
| a | 0 |
| b | ibc |
| c | copycat |
| d | u |
| e | ncip |
| f | 20 |
| g | y-movingim |
| 942 ## - ADDED ENTRY ELEMENTS (KOHA) | |
| Source of classification or shelving scheme | Dewey Decimal Classification |
| Koha item type | Visual Materials |
| Withdrawn status | Lost status | Damaged status | Not for loan | Collection | Home library | Current library | Shelving location | Date acquired | Barcode | Date last seen | Price effective from | Koha item type |
|---|---|---|---|---|---|---|---|---|---|---|---|---|
| Non-fiction | Fairview | Fairview | Audio visual | 09/04/2014 | 39999000008951 | 09/04/2014 | 09/04/2014 | Visual Materials |